[Event "Sharjah Master 2024"]
[Site "Shsrjah - Abu Dhabi"]
[Date "2024.05.21"]
[Round "?"]
[White "Maurizzi, Marc`Andria"]
[Black "Sindarov, Javokhir"]
[Result "1/2-1/2"]
[WhiteElo "2617"]
[BlackElo "2684"]
[PlyCount "102"]
[EventDate "2024.05.14"]
[EventCountry "UAE"]

1. d4 Nf6 2. c4 e6 3. Nf3 d5 4. Nc3 c6 5. e3 Nbd7 6. Be2 dxc4 7. a4 Bd6 8. Nd2 e5 9. Nxc4 Bc7 10. b3 O-O 11. Ba3 Re8 12. O-O e4 13. d5 $146 ({RR} 13. Bd6 Nd5 14. Qd2 N7f6 15. Bxc7 Qxc7 16. Nxd5 Nxd5 17. b4 Re6 18. f4 exf3 19. Bxf3 Rh6 20. g3 Bh3 21. Rf2 Rd8 22. Ne5 Be6 23. b5 f6 24. Nd3 Bf7 25. Rc1 Qe7 26. bxc6 bxc6 27. e4 Nb6 {Le Quang Long (2403)-Jodar Arias,M (2209) Toronto CAN 2024 1-0 (37)}) 13... Nxd5 14. Nxd5 cxd5 15. Qxd5 Nf6 16. Qxd8 Rxd8 17. Rfc1 Be6 18. Bc5 Ng4 19. h3 Ne5 20. Bd4 Nc6 21. Bc3 a5 22. Rd1 f6 23. h4 Kf7 24. h5 Ne5 25. Nxe5+ Bxe5 26. Bxe5 fxe5 27. Bc4 Rxd1+ 28. Rxd1 Bxc4 29. bxc4 Rc8 30. Rd5 Rxc4 31. Rxa5 Kf6 32. Kh2 g6 33. h6 Kg5 34. Rxe5+ Kxh6 35. a5 Ra4 36. Kg3 Ra1 37. Rb5 Ra2 38. Re5 Ra1 39. Rc5 Ra3 40. Rb5 Ra2 41. Rxb7 Rxa5 42. Re7 Ra4 43. Kh4 Ra2 44. Kg3 Ra4 45. Kh4 Ra2 46. g4 g5+ 47. Kg3 Ra4 48. Re6+ Kg7 49. Re5 Kg6 50. Re6+ Kg7 51. Re5 Kg6 1/2-1/2

[Event "Sharjah Master 2024"]
[Site "Shsrjah - Abu Dhabi"]
[Date "2024.05.21"]
[Round "?"]
[White "Gurel, Ediz"]
[Black "Martirosyan, Haik M."]
[Result "1-0"]
[WhiteElo "2578"]
[BlackElo "2678"]
[PlyCount "125"]
[EventDate "2024.05.14"]
[EventCountry "UAE"]

{[%evp 14,125,25,22,30,29,30,32,35,32,39,40,53,28,30,38,36,37,84,85,81,86,104,57,57,57,64,0,0,0,0,0,0,-1,0,0,0,-50,-50,-51,-52,-77,-74,-93,-92,-158,-150,-175,-170,-210,-165,-173,-66,-93,-35,-39,-62,-75,-74,-258,-265,-252,-281,-385,-372,-379,-15,-12,-13,-20,-14,-287,-20,-26,-22,-17,-22,-26,-13,-15,-15,-17,-15,-15,-18,-34,-34,-34,-34,-34,-34,-34,-38,-41,-39,-39,-42,-42,268,267,271,269,275,276,623,261,461,467,29979,29980,29982,29983,29985,29986]} 1. e4 e6 2. d4 d5 3. Nd2 c5 4. Ngf3 cxd4 5. Nxd4 Nc6 6. Bb5 Bd7 7. Nxc6 bxc6 8. Bd3 Bd6 9. Qe2 Qc7 10. Nf3 dxe4 {White is slightly better.} 11. Qxe4 Nf6 12. Qh4 c5 13. Bh6 $146 ({RR} 13. O-O Bc6 14. Nd2 Be7 15. Nc4 O-O (15... Nd5 $11 {keeps the balance.} 16. Bg5 Bxg5 17. Qxg5 O-O) 16. Bf4 Qc8 (16... Qd8 $16) 17. Bxh7+ Nxh7 18. Qxe7 Qb7 (18... Qa6 $16) 19. Qxb7 Bxb7 20. Rfd1 Nf6 21. Be3 (21. Na5 $18 {has better winning chances.}) 21... Bd5 22. Nd6 c4 23. Nb5 (23. f3 $16) 23... a6 (23... Rab8 $11 {remains equal.} 24. Nxa7 Rxb2) 24. Nc3 Rab8 25. b3 Rfc8 26. Bd4 Ne4 (26... Ba8 $142) 27. Nxd5 exd5 {Xhembulla,A (2154)-Cruz,W (2216) chess.com INT 2024 ½-½ (95)}) 13... Rg8 14. Bxg7 Nd5 15. Bh6 Be7 16. Qe4 Rb8 17. Ne5 Rb4 18. c4 Nf6 19. Qe2 Rxg2 20. a3 $6 {Inaccuracy. O-O-O was best.} (20. O-O-O Bd6 $1) (20. O-O-O $14) 20... Rb8 21. O-O-O Bd6 $36 {[%mdl 2048] White is under pressure.} 22. Nxd7 Nxd7 23. Be4 Rxh2 24. Rxh2 Bxh2 25. Kb1 Be5 26. Bc1 Nf6 27. Bc2 Bf4 28. Ka2 Ke7 29. Bxf4 $6 {Inaccuracy. Qf3 was best.} (29. Qf3 Bxc1 30. Rxc1 Qe5 {[%csl Gb8][%cal Re5b2]} 31. Bb3 Rd8 32. Ba4 Ne4 33. Rc2 h5 34. Qe3 Qd4) (29. Qf3 $142 Bxc1 30. Rxc1) 29... Qxf4 $17 30. Qd3 h5 31. b4 cxb4 32. axb4 Ng4 $2 {Mistake. a6 was best.} (32... a6 33. Ba4 Qxf2+ 34. Rd2 {[%csl Gd2][%cal Rd3d6]} Qf4 35. Bc6 h4 36. Qc3 Rd8 37. Rxd8 Kxd8 38. b5) ({Don't play} 32... Kf8 33. b5 $17) (32... a6 $19 33. Ka3 Nd5) 33. b5 Qxf2 (33... h4 $17 {Strongly threatening ...h3.} 34. f3 Ne3 35. Qd7+ Kf6) 34. Qd6+ $1 $15 ({But not} 34. Rd2 $2 Qc5 $19) 34... Kf6 35. Rd2 Qb6 {Hoping for ...Qxd6.} 36. Qa3 $4 {Blunder. Qf4+ was best.} (36. Qf4+ Ke7 37. Bd1 Rf8 38. Bxg4 hxg4 39. Kb3 Rg8 40. Rf2 f5 41. Ra2 Qg1 $1) (36. Qf4+ $17 {was the only defense.} Ke7 37. Qg5+ Nf6 38. Qf4) 36... Rc8 $19 37. Rd7 $6 {Inaccuracy. Qb2+ was best.} (37. Qb2+ Ne5 38. Bb3 Ke7 39. Rd4 Rc5 40. Qa3 Kf6 41. Qb4 Kg7 42. Ka3 a6) 37... Rxc4 38. Qe7+ Ke5 39. Bb3 Rf4 $4 {Blunder. Qa5+ was best.} (39... Qa5+ 40. Qa3 Qxa3+ 41. Kxa3 Rf4 $1 42. Rxa7 Kd6 $1 43. Ra8 Kc5 44. Rf8 Kxb5 45. Bxe6) (39... Qa5+ $19 40. Qa3 Qxa3+ 41. Kxa3 Rf4 42. Rxa7 Kd6) 40. Rd5+ $1 $11 Ke4 41. Qb4+ Kf3 42. Bd1+ $4 {Blunder. Rd3+ was best.} (42. Rd3+ Ne3 43. Bd1+ $1 Kg3 44. Qc3 $1 Re4 45. Qe1+ Kf4 46. Qh4+ $1 Ng4 47. Rf3+ Ke5) (42. Rd3+ $11 {and White stays safe.} Ne3 43. Qe1) 42... Kg3 $4 {Blunder. Kg2 was best.} (42... Kg2 $1 43. Qxf4 exd5 44. Bxg4 hxg4 45. Qxg4+ Kf2 46. Qf5+ Ke1 47. Qb1+ Ke2 48. Qc2+) ({Better is} 42... Kg2 $1 $19 43. Qxf4 exd5 44. Bxg4 hxg4 45. Qxg4+ Kf2 46. Qf5+ Ke1 47. Qe5+ Kf1 48. Qa1+ Kf2) 43. Rd3+ Ne3 44. Qc3 $1 Re4 45. Qe1+ Kf4 46. Qh4+ $1 Ng4 {aiming for ...Qa5+.} 47. Rf3+ Ke5 48. Qg3+ Kd5 {Threatens to win with ...Qa5+.} 49. Bb3+ Kc5 {White must now prevent ...Qa5+.} 50. Rc3+ $1 Kb4 51. Rc2 $1 {Qc3+ is the strong threat.} Ne3 52. Qe1+ Kxb5 {And now ...Qa6+ would win.} 53. Qe2+ Ka5 54. Qd2+ $1 Rb4 55. Rc3 $1 Ng4 $4 {[#] Blunder. Nf1 was best.} (55... Nf1 56. Qd7 Rd4 57. Qe7 $1 Nd2 58. Qa3+ Kb5 59. Bd1 Rc4 60. Be2 Kc6 {[%csl Gd2][%cal Rb6b1]} 61. Rxc4+) (55... Nf1 $15 {stays ahead.} 56. Qe2 Qd4) 56. Bc4 $1 $18 {[%cal Rc3a3]} Qf2 {[#]} 57. Be2 $1 {White threatens Qd8+ and mate.} Qd4 58. Rd3 Qc4+ $2 {Mistake. Qb2+ was best.} (58... Qb2+ 59. Qxb2 Rxb2+ 60. Kxb2 Kb6 61. Rf3 f5 62. Bc4 Ne5 63. Rb3+ Kc5 64. Bxe6) (58... Qb2+ $142 59. Qxb2 Rxb2+ 60. Kxb2 Kb4) 59. Ka3 $2 {Mistake. Ka1 was best.} (59. Ka1 Ka4 60. Qd1+ Kb5 61. Rb3 Kc6 62. Bxc4 Ra4+ 63. Kb1 Rxc4 64. Qf3+ Kc5) (59. Ka1 $142 {White wants to mate with Ra3+.} Ka4 60. Qd1+ Kb5 61. Ra3) 59... Ne5 $2 {Mistake. Qf4 was best.} (59... Qf4 60. Qc3 Kb6 61. Qxb4+ Qxb4+ 62. Kxb4 a5+ 63. Kc3 Kc5 64. Rh3 f5 65. Rxh5) (59... Qf4 {keeps fighting.}) 60. Re3 {[%mdl 64] Discovered Attack} Kb6 $6 {Inaccuracy. Qd4 was best.} (60... Qd4 61. Rxe5+ $1 Kb6 62. Qxb4+ Qxb4+ 63. Kxb4 a5+ 64. Rxa5 h4 (64... Kc6 $18 65. Bxh5 f6) 65. Bh5 (65. Ra6+ $142 Kc7 66. Ra7+ Kd6 67. Rxf7 h3 68. Kc4 Ke5 69. Rh7 Kf5 70. Rh5+ Kf4 71. Rxh3) 65... f6 (65... Kc6 $18 66. Bxf7 Kd6) 66. Bf7 (66. Bf3 $142 h3 67. Rc5 e5 68. Rc6+ {[%mdl 64] Double Attack} Kb7 69. Rxf6+ Kc8 70. Bg4+ Kd8 71. Bxh3)) (60... Nd3 $18 61. Rxd3 Qf4) 61. Qd6+ {[%mdl 64] Double Attack. White mates.} Kb7 $4 {Checkmate is now unavoidable. Qc6 was best.} (61... Qc6 62. Qxb4+ Kc7 63. Rc3 h4 64. Bb5 Qxc3+ 65. Qxc3+ Kb6 66. Qxe5 f6 67. Qb8+) 62. Qe7+ Qc7 $2 {Checkmate is now unavoidable. Kc6 was best.} (62... Kc6 63. Bxc4) 63. Qxb4+ {Accuracy: White = 68%, Black = 78%.} 1-0

[Event "Sharjah Master 2024"]
[Site "Shsrjah - Abu Dhabi"]
[Date "2024.05.21"]
[Round "?"]
[White "Ter-Sahakyan, Samvel"]
[Black "Pranav, V."]
[Result "1/2-1/2"]
[WhiteElo "2650"]
[BlackElo "2587"]
[PlyCount "78"]
[EventDate "2024.05.14"]
[EventCountry "UAE"]

1. d4 Nf6 2. c4 e6 3. Nc3 Bb4 4. e3 O-O 5. Nge2 Re8 6. a3 Bf8 7. Ng3 d5 8. Be2 b6 9. O-O Bb7 $146 ({RR} 9... Ba6 10. b4 Bxc4 11. Bxc4 dxc4 12. Qe2 c5 13. Qxc4 cxd4 14. exd4 Qc8 15. Qd3 Qb7 16. Bg5 Nd5 17. Qf3 h6 18. Nxd5 Qxd5 19. Qxd5 exd5 20. Be3 Nd7 21. Rfc1 Rec8 22. Rxc8 Rxc8 23. b5 Rc4 24. a4 {Drnovsek,G (2398)-Kristoferitsch,D (2270) Austria AUT 2024 ½-½ (100)}) 10. b4 dxc4 11. Bxc4 Nbd7 12. Rb1 Qc8 13. Qb3 c5 14. bxc5 bxc5 15. Bxe6 fxe6 16. Qxb7 cxd4 17. Qxc8 Raxc8 18. Nce4 dxe3 19. Bxe3 Bxa3 20. Bxa7 Rc4 21. f3 Nxe4 22. Nxe4 Nf6 23. Rb3 Be7 24. Nxf6+ Bxf6 25. Be3 Ra8 26. Rd3 Rc2 27. Rd2 Rxd2 28. Bxd2 Bd4+ 29. Kh1 Ra2 30. Bf4 Kf7 31. h3 Ra1 32. Rxa1 Bxa1 33. g4 g6 34. Kg2 h5 35. Kf1 Kf6 36. Kg2 Kf7 37. Kf1 Kf6 38. Kg2 Kf7 39. Kf1 Kf6 1/2-1/2

[Event "Sharjah Master 2024"]
[Site "Shsrjah - Abu Dhabi"]
[Date "2024.05.21"]
[Round "?"]
[White "Radjabov, Teimour"]
[Black "Blohberger, Felix"]
[Result "1/2-1/2"]
[WhiteElo "2723"]
[BlackElo "2505"]
[PlyCount "23"]
[EventDate "2024.05.14"]
[EventCountry "UAE"]

1. e4 e5 2. Nf3 Nc6 3. Bb5 Nf6 4. O-O Nxe4 5. Re1 Nd6 6. Nxe5 Be7 7. Bf1 Nxe5 8. Rxe5 O-O 9. d4 Bf6 10. Re1 Re8 11. c3 Rxe1 (11... Re4 12. Re2 Rxe2 13. Qe1 $4 {Blunder. Qxe2 was best.} (13. Qxe2 Qe7)) 12. Qxe1 1/2-1/2

[Event "Sharjah Master 2024"]
[Site "Shsrjah - Abu Dhabi"]
[Date "2024.05.21"]
[Round "?"]
[White "Sanal, Vahap"]
[Black "Fedoseev, Vladimir"]
[Result "1/2-1/2"]
[WhiteElo "2566"]
[BlackElo "2701"]
[PlyCount "113"]
[EventDate "2024.05.14"]
[EventCountry "UAE"]

1. e4 d5 2. exd5 Qxd5 3. Nc3 Qa5 4. d4 Nf6 5. Nf3 Bf5 6. Bc4 e6 7. Bd2 Bb4 8. a3 Bxc3 9. Bxc3 Qb6 10. O-O Nc6 11. b4 ({RR} 11. a4 a5 12. h3 O-O 13. Qe2 Rad8 14. Rfd1 Be4 15. Nd2 Bxc2 16. Rdc1 Bg6 17. Nb3 Nd5 18. Bb5 Ncb4 19. Bc4 c6 20. Nc5 Qc7 21. Bb3 Rfe8 22. Rd1 h6 23. Be1 Qb6 24. Qe5 Nf6 25. Rac1 Nbd5 {Svane,F (2625)-Mamedyarov,S (2726) chess.com INT 2024 0-1 (73)}) 11... Bg4 $146 ({RR} 11... a6 12. Qe2 O-O 13. h3 Rad8 14. Rfd1 Rd7 15. Ne5 Nxe5 16. dxe5 Nd5 17. Bxd5 Rxd5 18. Rxd5 exd5 19. Rd1 Qg6 20. g4 Bxc2 21. Rxd5 Qc6 22. Rc5 Qg6 23. Rxc7 Be4 24. Qc4 Bc6 25. Qe2 Qe6 26. Kh2 {Pranav,V (2611)-Quesada Perez,Y (2591) chess.com INT 2024 1-0 (40)}) ({RR} 11... Rd8 12. a4 a5 13. b5 Ne7 14. Qe1 Ra8 15. Ne5 Ned5 16. Bxd5 Nxd5 17. Bb2 Bxc2 18. Qe2 Bf5 19. Ba3 Nb4 20. Rad1 O-O 21. Nd7 Qd6 22. Nxf8 Rxf8 23. Qe5 Rd8 24. Qxd6 Rxd6 25. Rd2 c5 26. Rc1 {Turski,B (2334)-Adan Bermudez,S (2293) chess.com INT 2024 1-0 (32)}) 12. Bb2 O-O-O 13. c3 e5 14. h3 Bh5 $6 {Inaccuracy. exd4 was best.} (14... exd4 15. cxd4 Ne5 16. Be2 Bxf3 17. Bxf3 Nxf3+ 18. Qxf3 Qc6 19. d5 Qxd5 20. Qe3) 15. Qc2 $6 {Inaccuracy. Re1 was best.} (15. Re1) 15... Bxf3 16. Qf5+ Rd7 17. Qxf3 exd4 18. Qg3 Rhd8 19. cxd4 Nxd4 20. Rad1 Nf5 21. Qb3 Nd6 $6 {Inaccuracy. Rxd1 was best.} (21... Rxd1 22. Rxd1 Rxd1+ 23. Qxd1 Nd6 24. Bd3 a5 25. Bxf6 gxf6 26. Bxh7 axb4 27. Qg4+) 22. Bd3 Nfe4 23. Qc2 f5 24. Be5 $6 {Inaccuracy. Bc1 was best.} (24. Bc1) 24... g6 25. Bf4 Nb5 26. Bxe4 Nd4 27. Qc4 fxe4 28. Bg5 Nf3+ 29. gxf3 Rxd1 30. Bxd8 Rxd8 31. fxe4 Qf6 32. Qe2 Qd4 33. e5 Rd5 34. Re1 Qf4 35. Kg2 h5 36. Qf3 Qxf3+ 37. Kxf3 Kd7 38. Ke4 Ke6 39. f4 Rd2 40. Rg1 Kf7 41. Rc1 c6 42. b5 Re2+ 43. Kf3 Ra2 44. bxc6 Rxa3+ 45. Ke4 bxc6 46. Rxc6 Rxh3 47. Rc7+ Ke6 48. Rc6+ Kf7 49. Rf6+ Kg7 50. Ra6 Kf7 51. Rxa7+ Ke6 52. Ra6+ Kf7 53. Rf6+ Kg7 54. Rb6 Kf7 55. Rf6+ Kg7 56. Rd6 Kf7 57. Rf6+ 1/2-1/2

[Event "Sharjah Master 2024"]
[Site "Shsrjah - Abu Dhabi"]
[Date "2024.05.21"]
[Round "?"]
[White "Sevian, Samuel"]
[Black "Safarli, Eltaj"]
[Result "1-0"]
[WhiteElo "2698"]
[BlackElo "2594"]
[PlyCount "85"]
[EventDate "2024.05.14"]
[EventCountry "UAE"]

{[%evp 13,85,26,26,25,24,23,34,3,25,23,26,25,40,44,52,51,58,58,65,41,33,11,26,26,26,26,97,-50,160,160,163,161,187,189,190,190,256,253,273,285,313,298,400,383,382,388,393,383,391,381,387,389,382,374,422,422,417,416,432,434,458,423,448,453,477,477,501,502,492,483,501,480,834,756]} 1. e4 e5 2. Nf3 Nf6 3. Nxe5 d6 4. Nf3 Nxe4 5. Nc3 Nxc3 6. dxc3 Be7 7. Be3 O-O 8. Qd2 Nd7 9. O-O-O Nf6 10. h4 {White is slightly better.} c6 11. Bd3 d5 12. Kb1 Re8 13. Ng5 h6 14. f3 c5 15. g4 c4 16. Bf1 b5 17. Nh3 $146 ({RR} 17. Bd4 {17.g1 0.29} Rb8 18. Nxf7 Kxf7 19. g5 Qd6 (19... Nh5 $15) 20. Rg1 Bf5 21. gxf6 Bxf6 22. Bxf6 Qxf6 23. Qxd5+ Kf8 24. a3 (24. Qc5+ $16 Kg8 25. Qxa7) 24... Qe5 25. Qxe5 Rxe5 26. Kc1 Kf7 27. Bg2 Re2 28. Rd2 Rbe8 29. Rgd1 $2 (29. f4 $11) 29... Rxd2 $1 30. Kxd2 Rd8+ 31. Kc1 Re8 $2 {Csonka,B (2491)-Paravyan,D (2612) chess.com INT 2024 ½-½ (34)} (31... Rxd1+ $17 32. Kxd1 Kg6)) 17... b4 18. g5 Nh5 $1 {[%cal Rh5g3] White must now prevent ...Ng3.} 19. gxh6 Bf5 $6 {Inaccuracy. Qa5 was best.} (19... Qa5 {19...bxc3 0.26} 20. Rg1) (19... bxc3 $11 {remains equal.} 20. Qxc3 Bf6) 20. Ng5 $4 {Blunder. cxb4 was best.} (20. cxb4) (20. Qxd5 $6 b3 $11) ({Better is} 20. cxb4 $16 {Hoping for Bd4.} Bxb4 21. Qxb4 Rxe3 22. Bxc4) 20... gxh6 $4 {[#] Blunder. bxc3 was best.} (20... bxc3) (20... bxc3 $15 21. Qxc3 (21. Qxd5 $2 Bxg5 22. Bxc4 Qxd5 $19) 21... Bf6) 21. Ne4 $1 $36 {[%mdl 2560] Black is under strong pressure.} Bg6 (21... dxe4 22. Qg2+) 22. Qxd5 Qxd5 23. Rxd5 Nf6 24. Bxc4 {aiming for Nxf6+.} bxc3 $6 {Inaccuracy. Nxd5 was best.} (24... Nxd5 25. Bxd5 Rad8 {[#]} 26. Bc6 $1 f5 27. Bxe8 Rxe8 {[#]} 28. h5 $1 Bf7 29. Ng3 bxc3 30. Nxf5) (24... Nxd5 $142 25. Bxd5 Rad8) 25. Nxf6+ $18 ({Resist} 25. Nxc3 $6 Rac8 $16) ({Weaker is} 25. Bxh6 Nxd5 26. Bxd5 Rab8 $16) 25... Bxf6 26. Bxh6 Rac8 27. Bb3 Re5 $6 {Inaccuracy. Rcd8 was best.} (27... Rcd8 28. Rxd8 Rxd8 29. Bg5 Bxg5 30. hxg5 cxb2 31. Rh4 Rd1+ 32. Kxb2 Rg1 33. Rg4) 28. Rd6 Rf5 {[#]} 29. h5 $1 Bxh5 {[#]} (29... Rxh5 30. Rxh5) 30. Rxf6 $1 {[%mdl 576] Deflection} Rxf6 31. Rxh5 Rxf3 {intending ...Rf1+.} 32. bxc3 Rcxc3 33. Kb2 Rh3 34. Rg5+ Kh7 35. Bf8 Rcg3 36. Ra5 {White is clearly winning.} Kg6 37. Bd6 Rf3 38. Rxa7 f5 39. a4 {[%cal Ba2a4,Ba4a5,Ba5a6][%mdl 32]} f4 40. a5 Rf1 41. Bc4 Rf2 42. a6 {Strongly threatening Ra8.} f3 (42... Rd2 $142 43. Bxf4 Rd8 44. Bd3+ Rdxd3 45. cxd3 Rxd3) 43. Rb7 {Accuracy: White = 83%, Black = 51%.} 1-0

[Event "Sharjah Master 2024"]
[Site "Shsrjah - Abu Dhabi"]
[Date "2024.05.21"]
[Round "?"]
[White "Deac, Bogdan-Daniel"]
[Black "Horvath, Dominik"]
[Result "1-0"]
[WhiteElo "2692"]
[BlackElo "2553"]
[PlyCount "111"]
[EventDate "2024.05.14"]
[EventCountry "UAE"]

{[%evp 11,111,13,17,3,7,8,5,6,11,7,14,9,12,13,19,-3,16,16,9,8,11,0,0,0,0,-3,18,18,19,16,26,3,6,9,4,4,3,5,8,6,24,21,21,17,21,14,22,20,23,21,23,-23,-23,-23,-22,-16,-21,-165,-165,-152,0,0,5,3,0,0,0,0,61,0,1,0,11,0,0,1,1,0,0,0,13,0,0,0,7,1,1,1,3,3,5,4,5,5,244,255,246,246,242,244,214,244]} 1. Nf3 Nf6 2. c4 c5 3. Nc3 Nc6 4. d4 cxd4 5. Nxd4 e6 6. Bf4 d5 7. a3 $146 ({RR} 7. Nxc6 bxc6 8. e3 Bb4 9. Rc1 O-O 10. Be2 Re8 11. O-O e5 12. Bg5 Be6 (12... d4 $11 13. Ne4 Be7) 13. cxd5 cxd5 14. Bb5 Rf8 15. a3 (15. Bc6 $16) 15... Ba5 (15... Bxc3 $11 {keeps the balance.} 16. Rxc3 Rb8) 16. Bc6 (16. b4 $16 Bb6 17. Qf3) 16... Bxc3 (16... Rc8 $1 $11 17. Bxf6 gxf6 18. Bxd5 Rxc3 19. Rxc3 Bxc3 20. Bxe6 Qxd1 21. Rxd1 Bxb2) 17. Bxa8 Bxb2 18. Rb1 Bxa3 19. Bxf6 gxf6 20. Bc6 Qd6 21. Ba4 Bb4 {Przybylski,W (2308)-Dubreuil,J (2103) chess.com INT 2024 1-0 (46)}) ({RR} 7. e3 Be7 8. Be2 O-O 9. Nxc6 bxc6 10. O-O Bd6 11. Bxd6 Qxd6 12. Qc2 a5 13. Rfd1 Ba6 14. Rac1 Qe5 15. b3 dxc4 16. bxc4 Rab8 17. h3 g6 18. Rb1 {½-½ (18) Nagy,G (2450)-Durak,C (2349) Budapest HUN 2024}) ({RR} 7. Nxc6 bxc6 8. cxd5 exd5 9. e3 Be7 10. Bd3 O-O 11. O-O Be6 12. Rc1 c5 13. Qa4 Qb6 14. Be5 Rfd8 15. Qh4 h6 16. Na4 Qa5 17. Bc3 (17. Nxc5 $1 $16 {[%mdl 512]} Bxc5 18. Bxf6 gxf6 19. Qxh6) 17... Qc7 18. Nxc5 Qxc5 19. Bxf6 $1 Bxf6 20. Qxf6 Qxc1 21. Qxd8+ $1 Rxd8 {Raczek,K (2347)-Nguyen,A (2347) Marianske Lazne CZE 2024 ½-½ (60)}) 7... Bc5 8. Nxc6 bxc6 9. e3 {The position is equal.} O-O 10. Be2 Bd6 11. Bxd6 Qxd6 12. O-O a5 13. Qa4 Ba6 14. Rfd1 Nd7 15. Qc2 Nb6 16. cxd5 {Hoping for Ne4.} (16. b3 {seems wilder.} h6 17. h3 Rfc8 18. Qa2 Qc7 19. Rdc1) 16... Bxe2 17. Qxe2 cxd5 18. Nb5 Qd7 19. a4 Rfc8 20. b3 Qe7 21. Qd2 Nd7 22. Rac1 Nc5 23. Rc3 Qd8 24. f3 Na6 25. Rdc1 Nb4 26. Nc7 Rab8 27. f4 h6 28. h3 Qd7 29. Rc5 Qd8 30. Kh1 Qd7 31. e4 {[%cal Re4d5]} d4 {[%cal Bd5d4,Bd4d3][%mdl 32]} 32. f5 exf5 33. exf5 Rb6 34. R5c4 $2 {Mistake. f6 was best.} (34. f6 $1 d3) (34. f6 $1 $11) 34... d3 $19 ({Worse is} 34... Qxf5 35. Nd5 $1 $16 {[%mdl 512]} (35. Qxd4 Rcb8 $11)) 35. f6 Rxf6 $2 {[#] Mistake. g5 was best.} (35... g5 36. Qe3 (36. Rc5 $17 Kh7 37. Ne6) 36... Rc6 37. Rc5 Kh8 38. Rxc6 Nxc6 39. Nb5 Re8 40. Qg3 Qd5 41. Nc7) (35... g5 $17 {Threatens to win with ...Rd8.} 36. Rc5 Kh7) 36. Nd5 $1 $11 {[%cal Rd5f6][%mdl 512]} Qxd5 (36... Nxd5 37. Rxc8+) 37. Rxc8+ Kh7 38. R8c5 Qd4 {White must now prevent ...Rf2.} 39. R5c4 ({But not} 39. Rxa5 $2 Rf2 $19) 39... Qd6 (39... Qe5 $11) 40. Rd1 (40. Qe3 $1 $14) 40... Qg3 $132 {[%mdl 2048] aiming for ...Rf2. Black is not holding back} 41. Rg4 Qe5 42. Rxb4 axb4 43. Qxd3+ {[%mdl 4096] Endgame KQR-KQR} g6 44. Qc4 Rf4 45. Qd3 Kg7 46. Rf1 Rd4 47. Qf3 Rd7 48. Qf4 Qc3 49. Rf3 Qc5 50. Qf6+ Kg8 51. Kh2 Qc7+ 52. Qf4 Rd6 $4 {[#] Blunder. Qc5 was best.} (52... Qc5 53. Rf1 Kg7 54. Qf6+ Kh7 55. Qf2 Qe7 56. Qe1 Qc5 57. Qe2 Kg7 58. Qb2+) (52... Qc5 $11) 53. Rd3 $1 $18 {[%cal Rd3d6][%mdl 512]} Rd7 {[#]} (53... Rxd3 54. Qxc7) 54. Qxc7 $1 {White is clearly better.} Rxc7 55. Rd8+ Kg7 {next ...Rc3 is good for Black.} 56. Rb8 {Accuracy: White = 87%, Black = 84%.} 1-0

[Event "Sharjah Master 2024"]
[Site "Shsrjah - Abu Dhabi"]
[Date "2024.05.21"]
[Round "?"]
[White "Nihal Sarin"]
[Black "Can, Emre"]
[Result "1/2-1/2"]
[WhiteElo "2680"]
[BlackElo "2549"]
[PlyCount "44"]
[EventDate "2024.05.14"]
[EventCountry "UAE"]

1. e4 c5 2. Nf3 d6 3. d4 cxd4 4. Nxd4 Nf6 5. Nc3 Nc6 6. Bg5 a6 7. Qd2 e6 8. O-O-O Bd7 9. Kb1 Be7 10. f3 Nxd4 11. Qxd4 b5 12. h4 Qc7 13. g4 Rb8 $146 ({RR} 13... O-O 14. Bd3 b4 15. Ne2 Rfc8 16. h5 h6 17. Bc1 Bb5 18. g5 e5 19. Qe3 hxg5 20. Ng3 Nh7 21. Nf5 Bf6 22. Qe2 Nf8 23. h6 g6 24. Ne3 Bc6 25. Bc4 Kh7 26. Nd5 Bxd5 27. Bxd5 Rab8 28. Rdg1 {Kramnik,V (2753)-Korchmar,V (2438) chess.com INT 2024 1-0 (40)}) 14. Be3 b4 15. Ne2 Bb5 16. g5 Nh5 17. Nf4 Nxf4 18. Qxg7 Ng6 19. h5 Bf8 20. Qf6 Be7 21. Qg7 Bf8 22. Qf6 Be7 1/2-1/2

[Event "Sharjah Master 2024"]
[Site "Shsrjah - Abu Dhabi"]
[Date "2024.05.21"]
[Round "?"]
[White "Erdogmus, Yagiz Kaan"]
[Black "Sadhwani, Raunak"]
[Result "1/2-1/2"]
[WhiteElo "2553"]
[BlackElo "2654"]
[PlyCount "52"]
[EventDate "2024.05.14"]
[EventCountry "UAE"]

1. c4 e6 2. Nc3 d5 3. d4 Nf6 4. cxd5 exd5 5. Bg5 c6 6. e3 h6 7. Bh4 Be7 8. Bd3 O-O 9. Nf3 Ne4 10. Bxe7 Qxe7 11. Qc2 Re8 12. O-O Nd7 13. Rae1 a5 $146 ({RR} 13... a6 14. Nd2 Nxd2 15. Qxd2 Nf6 16. f3 Qd6 17. Bb1 c5 18. Rd1 Be6 19. Rfe1 Rad8 20. Ne2 b6 21. Ng3 Qd7 22. Qc2 Rc8 23. Qf2 Rcd8 24. Re2 g6 25. Red2 Qc7 26. h3 Kg7 27. f4 Bc8 28. f5 {Sarmiento Afonso,S (2023)-Gonzalez Perdomo,S (1792) Vecindario ESP 2024 ½-½ (45)}) 14. Nd2 Nxd2 15. Qxd2 Nb6 16. Ne2 h5 17. Nf4 Qg5 18. f3 Bf5 19. e4 Bh7 20. Re2 dxe4 21. fxe4 Rad8 22. d5 $6 {Inaccuracy. Qc3 was best.} (22. Qc3 Rd7) 22... Nd7 23. Qxa5 Nf6 24. Qb4 cxd5 25. e5 Bxd3 26. Nxd3 Rd7 1/2-1/2